Datum a čas kvízu
30.5
Celkem bodů
Celkový počet nahraných bodů na tomto kvízu bez doplňovacích otázek.
1.
Pořadí na kvízu
Konečné umístění týmu na tomto kvízu.
Zaznamenané odpovědi
| # | Otázka | Odpověď | Body | Výsledky |
|---|---|---|---|---|
| 1. | Premiér Babiš minulý týden ozn... | Karel Havlíček, Vladimír Kremlík | 0.5 | |
| 2. | Prezident Umar al-Bašír pod tl... | v Súdánu | 1 | |
| 3. | Australský herec vyhrál soudní... | Geoffrey Rush | 0 | |
| 4. | Na konci března ochranka pražs... | Raiffeisenbank | 1 | |
| 5. | Jedničkou výběru kapitána Petr... | Lucie Šafářová | 1 | |
| 6. | V tomto tématu se podíváme na... | Všechno bude, Zelená kniha | 1 | |
| 5. | V roce 1984 natočil režisér Wi... | Paříž, Texas | 1 | |
| 8. | Komediální road movie Pařba ve... | Vo štvorici po opici | 0 | |
| 5. | V českém prostředí jsou v dneš... | v Indii | 1 | |
| 10. | Jistou formou road movies jsou... | v Argentině | 0 |